Franz Mayer : (Record no. 12391)
[ view plain ]
| 000 -CABECERA | |
|---|---|
| campo de control de longitud fija | 01164nam a22003257a 4500 |
| 003 - IDENTIFICADOR DEL NÚMERO DE CONTROL | |
| campo de control | MX-MxINE |
| 005 - FECHA Y HORA DE LA ÚLTIMA TRANSACCIÓN | |
| campo de control | 20260530113919.0 |
| 008 - DATOS DE LONGITUD FIJA--INFORMACIÓN GENERAL | |
| campo de control de longitud fija | 260519t1998 mx a|||| |||| 00| 0 spa d |
| 020 ## - NÚMERO INTERNACIONAL ESTÁNDAR DEL LIBRO | |
| Número Internacional Estándar del Libro | 9686533702 |
| 040 ## - FUENTE DE LA CATALOGACIÓN | |
| Centro catalogador/agencia de origen | MX-MxINE |
| Lengua de catalogación | spa |
| Centro/agencia transcriptor | MX-MxINE |
| Normas de descripción | rda |
| 041 ## - CÓDIGO DE LENGUA | |
| Código de lengua del texto/banda sonora o título independiente | spa |
| 050 ## - SIGNATURA TOPOGRÁFICA DE LA BIBLIOTECA DEL CONGRESO | |
| Número de clasificación | TR660.5 |
| Número de documento/Ítem | F73 1998 |
| 245 ## - MENCIÓN DE TÍTULO | |
| Título | Franz Mayer : |
| Resto del título | fotógrafo / |
| Mención de responsabilidad, etc. | edición de Héctor Rivero Borrell M., Margarita de Orellana, Alberto Ruy Sánchez |
| 250 ## - MENCIÓN DE EDICIÓN | |
| Mención de edición | 2a. edición. |
| 264 ## - PRODUCCIÓN, PUBLICACIÓN, DISTRIBUCIÓN, FABRICACIÓN Y COPYRIGHT | |
| Producción, publicación, distribución, fabricación y copyright | México, D.F. ; |
| Nombre del de productor, editor, distribuidor, fabricante | Museo Franz Mayer : |
| -- | Artes de México, |
| Fecha de producción, publicación, distribución, fabricación o copyright | 1998 |
| 300 ## - DESCRIPCIÓN FÍSICA | |
| Extensión | 83 páginas : |
| Otras características físicas | ilustraciones |
| 336 ## - TIPO DE CONTENIDO | |
| Fuente | rdacontent |
| Término de tipo de contenido | texto |
| 337 ## - TIPO DE MEDIO | |
| Fuente | rdamedia |
| Nombre/término del tipo de medio | sin medio |
| 338 ## - TIPO DE SOPORTE | |
| Fuente | rdacarrier |
| Nombre/término del tipo de soporte | volumen |
| 490 ## - MENCIÓN DE SERIE | |
| Mención de serie | Colección uso y estilo ; |
| Designación de volumen o secuencia | 2 |
| 500 ## - NOTA GENERAL | |
| Nota general | Ensayos en español e inglés |
| 600 1# - PUNTO DE ACCESO ADICIONAL DE MATERIA--NOMBRE DE PERSONA | |
| Nombre de persona | Mayer, Franz, |
| Fechas asociadas al nombre | 1882-1975 |
| 9 (RLIN) | 2545 |
| 650 #4 - PUNTO DE ACCESO ADICIONAL DE MATERIA--TÉRMINO DE MATERIA | |
| Término de materia o nombre geográfico como elemento de entrada | Fotografía de paisaje |
| Subdivisión geográfica | México |
| 9 (RLIN) | 34423 |
| 650 #4 - PUNTO DE ACCESO ADICIONAL DE MATERIA--TÉRMINO DE MATERIA | |
| Término de materia o nombre geográfico como elemento de entrada | Fotografía artística |
| 9 (RLIN) | 2547 |
| 650 #4 - PUNTO DE ACCESO ADICIONAL DE MATERIA--TÉRMINO DE MATERIA | |
| Término de materia o nombre geográfico como elemento de entrada | Crítica fotográfica |
| 9 (RLIN) | 34424 |
| 700 1# - PUNTO DE ACCESO ADICIONAL--NOMBRE DE PERSONA | |
| Nombre de persona | Rivero Borrell M., Hector, |
| Término indicativo de función/relación | editor |
| 9 (RLIN) | 9097 |
| 700 1# - PUNTO DE ACCESO ADICIONAL--NOMBRE DE PERSONA | |
| Nombre de persona | Ruy Sánchez, Alberto, |
| Fechas asociadas al nombre | 1951- |
| Término indicativo de función/relación | editor |
| 9 (RLIN) | 1401 |
| 700 1# - PUNTO DE ACCESO ADICIONAL--NOMBRE DE PERSONA | |
| Nombre de persona | Orellana, Margarita de, |
| Término indicativo de función/relación | editor |
| 9 (RLIN) | 21007 |
| 942 ## - ELEMENTOS DE PUNTO DE ACCESO ADICIONAL (KOHA) | |
| Fuente del sistema de clasificación o colocación | Library of Congress Classification |
| Tipo de ítem Koha | |
| Suprimir en OPAC | 1 |
No items available.